000 00834cam a22002654a 4500
003 UPN
005 20220822085429.0
008 080522s2003 es a r 000 j spa d
020 _a8426350178
035 _aUPN01000156150
040 _aUPN
_bspa
_cUPN
049 _aI
050 4 _aPZ23
_bM3.3
100 1 _aMarimbert, Jean-Jacques
_d1948-
245 1 4 _aLas alas de Diego /
_cJean-Jacques Marimbert ; ilustraciones Sibylle Delacroix ; traducción Elena del Amo.
260 _aZaragoza, Esp. :
_bEdelvives,
_cc2003.
300 _a84 páginas :
_bilustraciones
490 0 _aAla delta. Azul
_v23
500 _aApartir de 8 años
534 _pTítulo original:
_tLes ailes de Camille
650 4 _aCuentos infantiles
_96744
700 1 _aAmo, Elena del,
_d1948-
_etraductora
_945878
905 _aInfantil
942 _2lcc
_cLIBRO
999 _c128264
_d128264